书目信息 |
| 题名: |
和善的恶魔
|
|
| 作者: | 日星新一 编著 | |
| 分册: | ||
| 出版信息: | 通辽 内蒙古少年儿童出版社 2002 |
|
| 页数: | 378页 | |
| 开本: | 20cm | |
| 丛书名: | 中外科幻小说选集 | |
| 单 册: | ||
| 中图分类: | I313.84 | |
| 科图分类: | ||
| 主题词: | 文学 | |
| 电子资源: | ||
| ISBN: | 7-5312-1503-9 | |
| 000 | 00593nam0 2200205 450 | |
| 001 | 0639582609 | |
| 005 | 20061019110223.79 | |
| 010 | @a7-5312-1503-9@dCNY10.00 | |
| 100 | @a20061019d2002 km y0chiy0120 ea | |
| 101 | 0 | @achi |
| 200 | 1 | @a和善的恶魔@Ahe shan de e mo@f[日]星新一编著@F[ri]xing xin yi bian zhu |
| 210 | @a通辽@c内蒙古少年儿童出版社@d2002 | |
| 215 | @a378页@d20cm | |
| 225 | 2 | @a中外科幻小说选集 |
| 410 | 0 | @12001 @a中外科幻小说选集 |
| 606 | 0 | @a文学 |
| 690 | @aI313.84@v3 | |
| 701 | 0 | @a日星新一@Ari xing xin yi@4编著 |
| 801 | 0 | @aCN@bPFT@c20061019 |
| 905 | @a10447@dI313.84@e211 | |
| 和善的恶魔/[日]星新一编著.-通辽:内蒙古少年儿童出版社,2002 |
| 378页;20cm.-(中外科幻小说选集) |
| ISBN 7-5312-1503-9:CNY10.00 |
| ● |
| 相关链接 |
|
|
|
|
正题名:和善的恶魔
索取号:I313.84/211
 
预约/预借
| 序号 | 登录号 | 条形码 | 馆藏地/架位号 | 状态 | 备注 |
| 1 | 0502913 | 205029137 | 密集书库/ [索取号:I313.84/211] | 在馆 |